00721nam a2200277Ia 450000500170000000800460001702000180006303700100008104000080009104000080009904000080010704100080011504100080012308400080013110000250013924500430016424500160020726000230022326000090024636500050025536500080026085600530026894200100032199900210033195200910035220260324145544.0008 260324s9999 xx 000 0 eng d a9781315019468 aEBOOK aCRL beng cCRL 2eng aeng qCRL aVictor Argy91212458 4aThe Postwar International Money Crisis 3bAn Analysis bTaylor and Francis c1981 a b195 uhttp://www.taylorfrancis.com/books/9781315019468 cEBOOK c1831448d1831448 00104070aCRLbCRLd2026-03-24l0pCL2113607r2026-03-24 14:55:44w2026-03-24yEBOOK